000 00869 a2200217 4500
020 _a9971645327
020 _a9789971645328
090 _c2207
_d2207
100 1 _aLeong, Siew Meng.
245 1 0 _aMarketing insights for the asia pacific /
_cSiew Meng Leong.
250 _a2nd ed.
260 _a[S.l.] :
_bButterworth-Heinemann,
_c1997.
300 _a332 p. ;
_c24 cm.
500 _aPaperback.
520 _aA comprehensive treatment of the nature of marketing in the Asia Pacific region. This text incorporates a collection of 25 articles from various journals and magazines.
700 1 _aAng, Swee Hoon.
700 1 _aTan, Chin Tiong.
856 4 0 _3Amazon.com
_uhttp://www.amazon.com/exec/obidos/ASIN/9971645327/chopaconline-20
856 4 0 _3Amazon customer reviews
_uhttp://www.chopac.org/cgi-bin/tools/azrev.pl?q=9971645327
942 _aNBS
_cBK
_k658.8 LEO
999 _c344709
_d344709